Najludniejsze miasta,które nie były stolicą województw - Statystyki

Ogólne statystyki
  • Ten quiz został rozwiązany 227 razy
  • Średni wynik to 11 z 20
Statystyki odpowiedzi
lp. Populacja Miasto % Poprawnych
1 246 204 Gdynia
88%
2 203 094 Sosnowiec
82%
4 173 784 Zabrze
80%
3 180 708 Gliwice
79%
10 108 668 Chorzów
70%
5 167 672 Bytom
65%
7 138 215 Ruda Śląska
63%
8 128 049 Tychy
63%
9 120 777 Dąbrowa Górnicza
62%
6 138 919 Rybnik
62%
11 95 354 Grudziądz
45%
15 73 318 Inowrocław
43%
13 89 353 Jastrzębie-Zdrój
43%
12 91 758 Jaworzno
43%
16 72 737 Lubin
41%
14 74 578 Mysłowice
41%
19 68 729 Gniezno
39%
20 68 069 Stargard
30%
18 69 443 Ostrowiec Świętokrzyski
29%
17 72 203 Ostrów Wielkopolski
28%
Nie znaleziono quizów pasujących do podanych kryteriów
Rozkład punktacji
Procent ludzi z każdym wynikiem
Percentyl według liczby udzielonych odpowiedzi
Twoja historia wyników
Nie rozwiązałeś tego quizu